Safeguarding Sovereignty and Security: Hungary’s Strategic Leadership in the 2024 EU Presidency

Tento článok o maďarskom predsedníctve EÚ sa zameriava na národnú suverenitu, pričom zdôrazňuje právne ustanovenia a nárok Maďarska na autonómiu v oblasti imigračnej a energetickej politiky. Zatiaľ čo národné záujmy sú v popredí, maďarské predsedníctvo podporuje flexibilnejší prístup k solidarite EÚ...

ver descrição completa

Na minha lista:
Detalhes bibliográficos
Autor principal: Némethová, Ildikó, 1974-
Formato: Capítulo de Livro
Idioma:inglês
Assuntos:
Tags: Adicionar Tag
Sem tags, seja o primeiro a adicionar uma tag!

MARC

LEADER 00000naa$a2200000$$$4500
001 0305344
005 20241127143818.1
041 0 |a eng 
044 |a SK 
245 1 0 |a Safeguarding Sovereignty and Security: Hungary’s Strategic Leadership in the 2024 EU Presidency  |c Ildikó Némethová 
520 |a Tento článok o maďarskom predsedníctve EÚ sa zameriava na národnú suverenitu, pričom zdôrazňuje právne ustanovenia a nárok Maďarska na autonómiu v oblasti imigračnej a energetickej politiky. Zatiaľ čo národné záujmy sú v popredí, maďarské predsedníctvo podporuje flexibilnejší prístup k solidarite EÚ, najmä v súvislosti s migračnou reformou. 
610 2 0 |a národ 
610 2 0 |a suverenita 
610 2 0 |a imigrácia 
610 2 0 |a Európsky parlament 
610 2 0 |a Maďarsko 
100 1 |a Némethová, Ildikó, 1974-